<?xml version="1.0" encoding="UTF-8"?><?xml-stylesheet type="text/xsl" href="static/style.xsl"?><OAI-PMH xmlns="http://www.openarchives.org/OAI/2.0/" xmlns:xsi="http://www.w3.org/2001/XMLSchema-instance" xsi:schemaLocation="http://www.openarchives.org/OAI/2.0/ http://www.openarchives.org/OAI/2.0/OAI-PMH.xsd"><responseDate>2026-04-18T21:07:37Z</responseDate><request verb="GetRecord" identifier="oai:riubu.ubu.es:10259/5115" metadataPrefix="marc">https://riubu.ubu.es/oai/request</request><GetRecord><record><header><identifier>oai:riubu.ubu.es:10259/5115</identifier><datestamp>2022-04-26T11:42:10Z</datestamp><setSpec>com_10259_2699</setSpec><setSpec>col_10259_2701</setSpec></header><metadata><record xmlns="http://www.loc.gov/MARC21/slim" xmlns:doc="http://www.lyncode.com/xoai" xmlns:xsi="http://www.w3.org/2001/XMLSchema-instance" xmlns:dcterms="http://purl.org/dc/terms/" xsi:schemaLocation="http://www.loc.gov/MARC21/slim http://www.loc.gov/standards/marcxml/schema/MARC21slim.xsd">
<leader>00925njm 22002777a 4500</leader>
<datafield tag="042" ind1=" " ind2=" ">
<subfield code="a">dc</subfield>
</datafield>
<datafield tag="720" ind1=" " ind2=" ">
<subfield code="a">López Fouz, María</subfield>
<subfield code="e">author</subfield>
</datafield>
<datafield tag="260" ind1=" " ind2=" ">
<subfield code="c">2016</subfield>
</datafield>
<datafield tag="520" ind1=" " ind2=" ">
<subfield code="a">Uno de los principales problemas a los que se enfrentan las industrias procesadoras de zumos cítricos es el amargor debido a la presencia de limonina. Esta Tesis Doctoral se centra en el desarrollo de un proceso biotecnológico basado en la inmovilización de biocatalizadores que degraden este compuesto amargo sin alterar las características físico-químicas del zumo. A partir de estudios de tolerancia y acondicionamiento a limonoides se seleccionó la cepa de R. fascians como la más activa en la degradación de limonina. Posteriormente, se llevó a cabo la inmovilización de las células microbianas por atrapamiento en criogeles de PVA y en perlas huecas de alginato de calcio. Se comprobó su efectividad en el desamargado tanto en sistemas modelo como en zumos sintéticos y zumos naturales de naranja. También se constató que la aplicación de esta técnica no modificaba el contenido en compuestos bioactivos (compuestos fenólicos) de los zumos tratados.</subfield>
</datafield>
<datafield tag="024" ind2=" " ind1="8">
<subfield code="a">http://hdl.handle.net/10259/5115</subfield>
</datafield>
<datafield tag="024" ind2=" " ind1="8">
<subfield code="a">10.36443/10259/5115</subfield>
</datafield>
<datafield ind1=" " ind2=" " tag="653">
<subfield code="a">amargor</subfield>
</datafield>
<datafield ind1=" " ind2=" " tag="653">
<subfield code="a">limonina</subfield>
</datafield>
<datafield ind1=" " ind2=" " tag="653">
<subfield code="a">inmovilización</subfield>
</datafield>
<datafield ind1=" " ind2=" " tag="653">
<subfield code="a">R. fascians</subfield>
</datafield>
<datafield ind1=" " ind2=" " tag="653">
<subfield code="a">zumos cítricos</subfield>
</datafield>
<datafield ind1=" " ind2=" " tag="653">
<subfield code="a">delayed bitterness</subfield>
</datafield>
<datafield ind1=" " ind2=" " tag="653">
<subfield code="a">limonin</subfield>
</datafield>
<datafield ind1=" " ind2=" " tag="653">
<subfield code="a">inmobilization</subfield>
</datafield>
<datafield ind1=" " ind2=" " tag="653">
<subfield code="a">citrus juices</subfield>
</datafield>
<datafield tag="245" ind1="0" ind2="0">
<subfield code="a">Degradación de limonina por células de Rhodococcus fascians inmovilizadas por atrapamiento en criogeles de alcohol polivinílico y perlas huecas de alginato de calcio: aplicación en zumos</subfield>
</datafield>
</record></metadata></record></GetRecord></OAI-PMH>